| 000 | 00882cam a22002655a 4500 | ||
|---|---|---|---|
| 001 | 12622952 | ||
| 003 | ARRUPE | ||
| 005 | 20140611114455.0 | ||
| 008 | 011217r20011982enk 000 1 eng | ||
| 010 | _a 2001391457 | ||
| 015 | _aGBA0-U8851 | ||
| 020 | _a1902301927 | ||
| 035 | _a(OCoLC)ocm45580377 | ||
| 040 |
_aUKM _cUKM _dOCL _dDLC |
||
| 042 | _alccopycat | ||
| 100 | 1 |
_aMullin, Chris. _910804 |
|
| 245 | 1 | 2 |
_aA very British coup / _cChris Mullin. |
| 260 |
_aLondon : _bCorgi Books _c2001. |
||
| 300 |
_a220 p. ; _c18 cm. |
||
| 500 | _aOriginally published: London: Hodder & Stoughton, 1982. | ||
| 651 | 4 |
_aGreat Britain _xPolitics and government _vFiction. _910805 |
|
| 906 |
_a0 _bibc _ccopycat _d2 _encip _f20 _gy-gencatlg |
||
| 942 |
_2lcc _cMONOGRAPH |
||
| 999 |
_c120694 _d120694 |
||